| 000 | 00456cam a2200169ua 4500 | ||
|---|---|---|---|
| 020 | _c1.00 | ||
| 041 |
_amal _h |
||
| 082 |
_a894.8121 _bKRI/NE |
||
| 100 | _aKrishna Pillai, Changampuzha. | ||
| 245 |
_aNeerunna theechoola / _cChangampuzha Krishanapillai. _hTextual Documents |
||
| 260 |
_aKottayam : _bSahitya Pravarthaka Co-operative Society , _c1959. |
||
| 300 | _a63 ; . | ||
| 365 | _a1.00 | ||
| 504 | _a | ||
| 942 | _cBK | ||
| 999 |
_c4829 _d4829 |
||